000 00323nam a2200133Ia 4500
005 20251222151323.0
008 251222s9999||||xx |||||||||||||| ||spa||
020 _a8432070408
082 _a809/P66/T.VII
245 0 _aGrandes Novelistas Mundiales
250 _a1ra.ed.
264 _bEditorial Pomaire, S.A.
942 _cLIB
999 _c23779
_d23779